000 00333nam a22001337a 4500
008 230629b xxu||||| |||| 00| 0 eng d
020 _a0459561197
082 _a346.7
_bTAM. 1996
245 _aCopyright Act
_bThe 1997 Annotated
260 _bThomson Canada Ltd
_c1996
300 _aXXXVI,600p
440 _x11967528
942 _2ddc
_cBK
999 _c3130
_d3130